Uruguay Immigration by Country - Statistics

General Stats
  • This quiz has been taken 83 times
  • The average score is 17 of 20
Answer Stats
#People Country of Origin % Correct
89,604 Argentina
100%
72,510 Brazil
98%
1,321 Paraguay
95%
19,824 Spain
95%
23,629 Venezuela
95%
473 Peru
92%
774 United States
92%
8,076 Italy
91%
750 Mexico
91%
435 Bolivia
89%
2,031 Chile
88%
599 United Kingdom
86%
423 Canada
85%
1,611 Germany
85%
26,000 Cuba
83%
616 France
82%
570 China
80%
549 Portugal
76%
1,385 Poland
65%
841 Romania
24%
No matching quizzes found
Score Distribution
Percent of People with Each Score
Percentile by Number Answered
Your Score History
You have not taken this quiz